000 00305nam a2200121 a 4500
005 20140412111415.0
008 070711s19uu xx 00 eng d
020 _a0-86611-470-x
050 _aER
_bPa11 1996
245 _aPaint with water.
260 _aNew York :
_bPlaymore Inc,
_c1996.
999 _c105815
_d105815